000 01352nam a2200337 i 4500
001 768714001
003 CO-MdFUSB
005 20240822102738.0
007 ta
008 230622t1960 -us||||| |||| 00| | eng d
020 _a087784691X
040 _aCO-MdFUSB
_bspa
_cCO-MdFUSB
_dCO-MdFUSBC
_erda
041 _aeng
082 _223
_a225.1
_bB886n
100 _aBruce, F.F,
_eautor
245 1 4 _aThe New Testament documents :
_bare they reliable?
_c/ F. F. Bruce
250 _aQuinta edición revisada
264 1 _aDowners Grove, Illinois, Estados Unidos :
_bInterVarsity Press,
_c[1960]
264 4 _c© 1960
300 _a128 páginas
_c; 18 cm
336 _2rdacontent
_atexto
_btxt
337 _2rdamedia
_asin mediación
_bn
338 _2rdacarrier
_avolumen
_bnc
505 _aLos documentos del Nuevo Testamento: su fecha y atestación -- El canon del Nuevo Testamento -- los evangelios -- Los milagros del evangelio -- La importancia de la evidencia de Pablo -- Los escritos de Lucas -- Más evidencia arqueológica -- La evidencia de los primeros escritos judíos -- La evidencia de los primeros escritores gentiles
563 _arústico
630 0 7 _aBiblia.
_pNuevo Testamento
_xCrítica, interpretación, etc.
650 7 _aHermenéutica bíblica
_2embne
_97333
942 _cBK
945 _aMag1104
999 _c68964
_d68964